| 000 -LEADER |
| fixed length control field |
01283nam a22001337a 4500 |
| 008 - FIXED-LENGTH DATA ELEMENTS--GENERAL INFORMATION |
| fixed length control field |
260402b ||||| |||| 00| 0 eng d |
| 100 ## - MAIN ENTRY--PERSONAL NAME |
| Personal name |
Kalsi, Singh Nairmaljeet and Kiran, Ravi |
| 245 ## - TITLE STATEMENT |
| Title |
Analysing the challenges, barriers and risks of e-governance for efficient and effective governance |
| 260 ## - PUBLICATION, DISTRIBUTION, ETC. (IMPRINT) |
| Place of publication, distribution, etc |
Productivity |
| 300 ## - PHYSICAL DESCRIPTION |
| Extent |
66(3), Oct-Dec, 2025: p.234-242 |
| 520 ## - SUMMARY, ETC. |
| Summary, etc |
Information & Communication Technologies (ICTs) make a difference in the way citizens can realise these services. Therefore, it is essential to examine the elements contributing to the suffering and harassment of residents, enabling effective intervention and enhancing government services. This study employs a participatory stakeholder analysis to examine these aspects. An effort is made to rank these based on mean scores after using factor analysis for factor reduction. The researchers attempt to examine the average scores of academicians and policymakers to ascertain any differences in opinion between the two groups about pain and harassment elements. The purpose of this paper is to expand upon previous research on the topic of e-governance obstacles so that potential solutions can be considered for efficient governance.-Reproduced |
| 773 ## - HOST ITEM ENTRY |
| Main entry heading |
Productivity |
| 942 ## - ADDED ENTRY ELEMENTS (KOHA) |
| Item type |
Articles |